Ráfaga de pasión (Record no. 188319)
[ view plain ]
| 000 -LEADER | |
|---|---|
| campo de control de longitud fija | 00849nam a2200217 i 4500 |
| 001 - NÚMERO DE CONTROL | |
| campo de control | 188319 |
| 003 - IDENTIFICADOR DE NÚMERO DE CONTROL | |
| campo de control | SpMaBN |
| 005 - FECHA Y HORA DE LA ÚLTIMA TRANSACCIÓN | |
| campo de control | 20260305152345.0 |
| 008 - DATOS DE LONGITUD FIJA--INFORMACIÓN GENERAL | |
| campo de control de longitud fija | 180807s1924 sp |||| | spa d |
| 080 ## - NÚMERO DE LA CLASIFICACIÓN DECIMAL UNIVERSAL | |
| Número de la Clasificación Decimal Universal | 821.134.2-22"18" |
| 100 1# - ENTRADA PRINCIPAL--NOMBRE DE PERSONA | |
| Nombre de persona | Acebal, Francisco, |
| Fechas asociadas al nombre | 1866-1933 |
| 9 (RLIN) | 18208 |
| 245 10 - MENCIÓN DEL TÍTULO | |
| Título | Ráfaga de pasión |
| Resto del título | : comedia en tres actos / |
| Mención de responsabilidad, etc. | Francisco Acebal. |
| 260 ## - PUBLICACIÓN, DISTRIBUCIÓN, ETC. | |
| Lugar de publicación, distribución, etc. | Madrid : |
| Nombre del editor, distribuidor, etc. | [s.n.], |
| Fecha de publicación, distribución, etc. | 1924 ( |
| Fabricante | Tip. de la Revista de Archivos) |
| 300 ## - DESCRIPCIÓN FÍSICA | |
| Extensión | 172 p. ; |
| Dimensiones | 20 cm. |
| 530 ## - NOTA DISPONIBLE DE FORMULARIO FÍSICO ADICIONAL | |
| Nota de formato físico adicional disponible | Disponible en formato digital. |
| 594 ## - Nota al título y mención de responsabilidad | |
| Nota al título y mención de responsabilidad | En port.: Estrenada en el Teatro de Eslava el 24 de mayo de 1924. |
| 852 ## - LOCALIZACIÓN | |
| Ubicación | ES-MaACL |
| Número de control de estantería | L-32221 |
| Ubicación en estantería | Depósito 2 |
| Donativo/Legado | Donante: herederos de la biblioteca de Mª del Pilar Costa Palacín |
| 856 4# - LOCALIZACIÓN Y ACCESO ELECTRÓNICOS | |
| Identificador Uniforme de Recursos | <a href="http://bdh-rd.bne.es/viewer.vm?id=0000187843&page=1 ">http://bdh-rd.bne.es/viewer.vm?id=0000187843&page=1 </a> |
| Texto de enlace | Biblioteca Digital Hispánica |
| 942 ## - ELEMENTOS DE ENTRADA SECUNDARIOS (KOHA) | |
| Fuente del sistema de clasificación o colocación | Clasificación decimal universal |
| Estatus retirado | Estado de pérdida | Estado de daño | No para préstamo | Colección | Biblioteca de origen | Biblioteca actual | Ubicación en estantería | Fecha de adquisición | Fuente de adquisición | Total de préstamos | Signatura topográfica completa | Código de barras | Visto por última vez | Precio de reemplazo | Tipo de ítem Koha |
|---|---|---|---|---|---|---|---|---|---|---|---|---|---|---|---|
| Colección digital | Biblioteca del Ateneo de Madrid | Biblioteca del Ateneo de Madrid | Depósito 2 | 07/08/2018 | L-32221 | 1199193 | 23/02/2023 | 23/02/2023 | Libro impreso |
